LEADER 00715nam a2200193 i 4500 001 000000258838 003 CaOOAMICUS 005 20221018153007.0 008 180613s1991 it u000 u ita u 013 $a237746 040 $aSeMil$bita 245 10$aVol. 2. 300 $aP. 540-1037. 773 0 $aVasari, Giorgio <1511-1574>$tVite de' pił eccellenti architetti, pittori, et scultori italiani, da Cimabue insino a' tempi nostri.$dTorino : Einaudi, 1991.$kET$z88-06-17755-9$g2$w()11672 850 $aSeMil 852 $aSeMil$W1$xVenegono$y1$m1A I 242$j209184$B209184$CSeMilBibl$Z2$F223197 $81 961 $aOmaggio: Perego don Stefano 996 $6245$aVol. 2$9(OLS)http://semarc/title/13458 LEADER 01771nam a2200313 i 4500 001 000000032430 003 CaOOAMICUS 005 20180830125449.0 008 180830s1995 it u000 u ita u 040 $aSeMil$bita 245 10$aSergio Failoni. 260 $a[S.l.] :$bBanca Lombarda,$ccopyr. 1995. 260 $aMilano :$bEd. MC Musica Classica,$ccopyr. 1995. 260 $a[Milano] :$bFondazione per il Teatro alla Scala,$ccopyr. 1995. 300 $a1 v. + 1 kit (1 v., 2 CD) ;$cin custodia, 32x22x6 cm. 500 $aTitolo della custodia. - Opera e singole parti DISPONIBILI SU RICHIESTA AL DIRETTORE, che ne indicherą le condizioni. 650 4$aFailoni, Sergio <1890-1948>.$0(OLS)http://semarc/subject/5204 650 4$aMusica - Direttori d'orchestra.$0(OLS)http://semarc/subject/1289 650 4$aFailoni, Sergio <1890-1948> - Opere.$0(OLS)http://semarc/subject/5205 700 1 $aFailoni, Sergio,$d<1890-1948>.$0(OLS)http://semarc/name/14978 773 0 $tGrandi Maestri alla Scala.$d[S.l.] : Banca Lombarda, copyr. 1994.$w()32425 774 0 $tSergio Failoni.$kGrandi Maestri alla Scala$g?[Monografia]$w()63505 774 0 $aFailoni, Sergio <1890-1948>$tSenza sordina.$dRoma : Ed. Piccinelli, 1995.$bRistampa anastatica.$kGrandi Maestri alla Scala$g[Allegato]$w()63518 774 0 $tSergio Failoni.$kGrandi Maestri alla Scala$gCD1$w()244694 774 0 $tSergio Failoni.$kGrandi Maestri alla Scala$gCD2$w()244745 996 $6245$aSergio Failoni$9(OLS)http://semarc/title/43975 996 $6260$a[S.l.] :$bBanca Lombarda$9(OLS)http://semarc/publisher/39320 996 $6260$a[Milano] :$bFondazione per il Teatro alla Scala$9(OLS)http://semarc/publisher/39323 996 $6260$aMilano :$bEd. MC Musica Classica$9(OLS)http://semarc/publisher/39324